书目信息 |
| 题名: |
高级美国英语教程
|
|
| 作者: | 巴格内尔 , 黄文玲 编著 | |
| 分册: | ||
| 出版信息: | 长春 长春出版社 2000.02 |
|
| 页数: | 343页 | |
| 开本: | 21cm | |
| 丛书名: | 赖世雄讲美国英语丛书 | |
| 单 册: | ||
| 中图分类: | H31 | |
| 科图分类: | 41.68 | |
| 主题词: | 英语--ying yu--教材 | |
| 电子资源: | ||
| ISBN: | 7-80604-985-1 | |
| 000 | 00951nam 2200289 450 | |
| 001 | CAL 012001362479 | |
| 005 | 20060602161415.21 | |
| 010 | @a7-80604-985-1@dCNY 18.00 | |
| 099 | @aCAL 012001362479 | |
| 100 | @a20010807d2000 em y0chiy0120 ea | |
| 101 | 0 | @aeng@achi |
| 102 | @aCN@b110000 | |
| 200 | 1 | @a高级美国英语教程@AGao Ji Mei Guo Ying Yu Jiao Cheng@f黄文玲编著@Fhuang wen ling bian zhu |
| 210 | @a长春@c长春出版社@d2000.02 | |
| 215 | @a343页@d21cm | |
| 225 | 2 | @a赖世雄讲美国英语丛书@Alai shi xiong jiang mei guo ying yu cong shu |
| 300 | @a中央人民广播电台《星期日广播英语》节目播讲教材 | |
| 314 | @a著者规范汉译姓: 巴格内尔 | |
| 410 | 0 | @12001 @a赖世雄讲美国英语丛书 |
| 606 | 0 | @a英语@Aying yu@j教材 |
| 690 | @aH31@v4 | |
| 692 | @a41.68@v3 | |
| 701 | 1 | @a巴格内尔@ABageneier@g(Bagnell, Bruce)@4编著 |
| 701 | 0 | @a黄文玲@Ahuang wen ling@4编著 |
| 801 | 0 | @aCN@bSXH@c20060602 |
| 905 | @dH31@eH893 | |
| 906 | @dCNY 18.00@n3@r1 | |
| 高级美国英语教程/黄文玲编著.-长春:长春出版社,2000.02 |
| 343页;21cm.-(赖世雄讲美国英语丛书) |
| 中央人民广播电台《星期日广播英语》节目播讲教材 |
| ISBN 7-80604-985-1:CNY 18.00 |
| ● |
| 相关链接 |
|
|
|
正题名:高级美国英语教程
索取号:H31/H893
 
预约/预借
| 序号 | 登录号 | 条形码 | 馆藏地/架位号 | 状态 | 备注 |
| 1 | 606997 | 206069975 | 语言库209/209语言库 82排2列6层/ [索取号:H31/H893] | 在馆 | |
| 2 | 606998 | 206069984 | 语言库209/209语言库 82排2列6层/ [索取号:H31/H893] | 在馆 | |
| 3 | 606999 | 206069993 | 语言库209/209语言库 82排2列6层/ [索取号:H31/H893] | 在馆 |